000 00428nam a2200181Ia 4500
001 24129
005 20260414151023.0
008 260414t1990||||xx |||||||||||||| ||spa||
041 _aESP
082 _a780.98501
_bH22
100 _aD'Harcourt, Raoul
_eAUT
245 0 _aLa música de los incas
_b
260 _c1990
300 _axxii, 605 páginas :
_ccm.
650 _aABD
654 _aCAU
942 _cLIB
_dJUS
_fJUS
_2ddc
_n
999 _c24129
_d24129